000
00255nam a2200097Ia 4500
008
120527s9999 xx 000 0 und d
100
_a
Abbott,John.
245
_a
Agricultural and food marketing in developing countries.
260
_b
CAB Intl.
942
_c
BK
999
_c
19744
_d
19744